000 01174nam a22003137a 4500
005 20090102122541.0
008 090102t xxu||||| |||| 00| 0 hin d
010 _a
020 _c25.00
_a8182631521
035 _a
037 _bप्रथम बुक्स
040 _aDPL
_bHN
082 _a
100 _aसेठ,संजीव
_931962
245 _aगंगा की लहरें /
_cराजीव सेठ
_b
246 _a
_b
260 _aनई दिल्ली
_bप्रथम बुक्स
_c2006
270 _aबी-3/4, प्रथम तल, सफदरज़ंग एन्क्लेव
_bनई दिल्ली
_e110 029
_k011-65684113
_l
_mwww.prathambooks.org
300 _a18पृ.;
_c22सेमी (अजिल्द)
_bसचित्र
490 _a
_931963
500 _a
650 _2
650 _2
700 _a
_931964
710 _aजोशी, मधुबाला
_931965
942 _2ddc
_cCH
_mसेठसं
_h
999 _c22016
_d22016